Cuet : (Record no. 199378)

MARC details
000 -LEADER
fixed length control field 00643nam a22001937a 4500
005 - DATE AND TIME OF LATEST TRANSACTION
control field 20231201142254.0
010 ## - LCCN (DPL NO)
LC control number ENG-138534
020 ## - INTERNATIONAL STANDARD BOOK NUMBER
Terms of availability 249.00
International Standard Book Number 9789394406216
035 ## - SYSTEM CONTROL NUMBER
System control number EN-122066
037 ## - SOURCE OF ACQUISITION
Source of stock number/acquisition DBAD/PUB
082 ## - DEWEY DECIMAL CLASSIFICATION NUMBER
Classification number 574
100 ## - MAIN ENTRY--PERSONAL NAME
Personal name Sharma, Dr. J.P
245 ## - TITLE STATEMENT
Title Cuet :
Remainder of title Common University Entrance Test Biology /
Statement of responsibility, etc by Dr. J.P. Sharma {and} Dr. Hemant Roy
260 ## - PUBLICATION, DISTRIBUTION, ETC. (IMPRINT)
Place of publication, distribution, etc Daryaganj
Name of publisher, distributor, etc Laxmi Publications
Date of publication, distribution, etc 2022
270 ## - ADDRESS
City New Delhi
Address 113,Golden House, Gurudwara Road,
Postal code 110002
Telephone number 91-11-43532500
300 ## - PHYSICAL DESCRIPTION
Extent 157 ,M1- 49p.
Dimensions 26cm(pbk)
700 ## - ADDED ENTRY--PERSONAL NAME
Personal name Roy, Dr Hemant
9 (RLIN) 59319
942 ## - ADDED ENTRY ELEMENTS (KOHA)
Source of classification or shelving scheme Dewey Decimal Classification
Item type English Books
Classification part 574
Call number suffix SHA
Holdings
Withdrawn status Lost status Not for loan Collection code Home library Current library Date acquired Source of acquisition Cost, normal purchase price Full call number Barcode Copy number Cost, replacement price Koha item type
      Non-fiction Vinoba Puri Vinoba Puri 01/12/2023 DBAD/PUB 249.00 574 SHA EN-122066 1 249.00 English Books

© Delhi Public Library
Hit Counter
free hit counter